000 00729nam a22002537a 4500
001 BR0702261
003 BR-BrBNA
005 20230928102413.0
007 ta
008 230509b bl.||||| |||| 00| 0 por d
040 _aBR-BrBNA
_bpor
_cBiblioteca Nacional de Agricultura
041 _a(Por)
072 _aE80
_b1190
090 _ 1190 BR0702261
110 1 _aEMBRAPA Cerrados, Planaltina, DF (Brasil)
245 1 _aAproveitamento alimentar; gueroba (Syagrus oleracea (Mart.)DC.)
260 3 _aBrasília, DF (Brasil:
_bEMBRAPA Informação Tecnológica,
_c2006.
300 _avp.
650 _aGUARIROBA
650 _aSYAGRUS OLERACEA
650 _aCULINÁRIA
909 _a202309
_bLucia
_c55
_dLucia Elande
942 _cBK
999 _c70598
_d70598